| 000 | 01361cab a2200229 4500 | ||
|---|---|---|---|
| 001 | ABS68630 | ||
| 008 | 050124n2004 000 0 eng u | ||
| 035 | _a(Sirsi) u128565 | ||
| 100 | _aDyer, M. | ||
| 245 | _aPerformance of flood embankments in England and Wales | ||
| 260 | _c2004 | ||
| 490 |
_aWater Management _v157(WM4) December 2004, 177-186(10) |
||
| 520 | _aReviews the geotechnical factors that can affect the performance of fluvial and estuarine flood defence embankments in the short and long term. There are some 35 000 km of such embankments in England and Wales with an annual £450m maintenance and new construction budget. Considers traditional flood embankment construction methods, compares them to modern techniques and looks at the type of local construction materials used. Discusses the range of geotechnical factors that can lead to loss of performance and examines case histories of embankment breaches. Figures and tables cover flood defence embankment construction, embankment breaches and partial failures and geotechnical factors affecting embankment stability. References. | ||
| 590 | _aABS | ||
| 650 | _aFLOOD DEFENCES | ||
| 650 | _aFLOOD MANAGEMENT | ||
| 650 | _aESTUARIES | ||
| 650 | _aCOASTAL DEFENCES | ||
| 650 | _aFLOODING | ||
| 690 | _aENVIRONMENTAL AND LAND CONSULTANCY-ENVIRONMENTAL MANAGEMENT | ||
| 942 | _n0 | ||
| 999 |
_c74730 _d74730 |
||